Claude Levi-Strauss and the Various Aspects of Sustainability

Skúmanie rôznych aspektov dlhodobej udržateľnosti z pohľadu filozofa Clauda Leviho-Straussa. Jeho štrukturalistický prístup sa prejavuje najmä v antropológii a filozofii. Prekvapivé antropologické objavy Leviho-Straussa. Tieto objavy majú významné spojenie s algebrou. Následne ich zasadí do kontextu...

Description complète

Enregistré dans:
Détails bibliographiques
Auteur principal: Ambrozy, Marián
Format: Chapitre de livre
Langue:anglais
Sujets:
Tags: Ajouter un tag
Pas de tags, Soyez le premier à ajouter un tag!

MARC

LEADER 00000naa$a2200000$$$4500
001 0306505
005 20250124111250.8
041 0 |a eng 
044 |a CZ 
245 1 0 |a Claude Levi-Strauss and the Various Aspects of Sustainability  |c Marián Ambrozy 
520 |a Skúmanie rôznych aspektov dlhodobej udržateľnosti z pohľadu filozofa Clauda Leviho-Straussa. Jeho štrukturalistický prístup sa prejavuje najmä v antropológii a filozofii. Prekvapivé antropologické objavy Leviho-Straussa. Tieto objavy majú významné spojenie s algebrou. Následne ich zasadí do kontextu kritiky rasizmu a odsúdenia národov, ako menejcenných. Levi-Strauss formuluje koreláciu medzi udržateľnosťou, ekológiou, miestnymi biotypmi a kultúrnou diverzitou. Tvrdí, že kultúrna diverzita je možná len vtedy, ak sa zachováva právo ku kultúrnym osobitostiam a civilizačné poslanie a globalizácia sa neuplatňujú. Takéto modely tolerancie ku kultúrnej rozmanitosti vedú k nezávislosti osobitných komunít, a tým k zachovaniu originálnych modelov symbiózy. Nepriateľom udržateľnosti je globalizácia, civilizačné zjednotenie, porušovanie pôvodných kultúr, subkultúr a ich odlišností. 
610 2 0 |a udržateľnosť 
610 2 0 |a antropológia 
610 2 0 |a diverzita 
610 2 0 |a kultúra 
610 2 0 |a globalizácia 
610 2 0 |a etnikum 
100 1 |a Ambrozy, Marián